| 000 | 01284cam a22003617a 4500 | ||
|---|---|---|---|
| 003 | CHAP | ||
| 005 | 20220329135938.0 | ||
| 008 | 971013s1976 r 00010 d | ||
| 010 | _a44506 | ||
| 011 | _a45478 | ||
| 035 | _a49617 | ||
| 040 | _cCHAP | ||
| 082 |
_a972 _bT46 |
||
| 100 | 0 | 0 |
_aTe Paske, John J. _9111851 |
| 245 | 1 | 3 | _aLa real hacienda de Nueva España; la Real Caja de México, (1576-1816) |
| 260 |
_aMéxico, D.F. : _bI.N.A.H., _c1976 |
||
| 300 | _as.p. | ||
| 490 | 0 |
_aColección científica fuentes, historia económica de México _v; 41 |
|
| 590 |
_aBATCH-UPD _b10 _c20130110 _lUCH01 _h0030 |
||
| 590 |
_aBATCH-UPD _b10 _c20130110 _lUCH01 _h1716 |
||
| 590 |
_aBATCH-UPD _b10 _c20130409 _lUCH01 _h2013 |
||
| 590 |
_aBATCH-UPD _b10 _c20130410 _lUCH01 _h1101 |
||
| 590 |
_aBATCH-UPD _b10 _c20130914 _lUCH01 _h1003 |
||
| 590 |
_aCONVERSION _b10 _c20130109 _lUCH01 _h1324 |
||
| 650 | 1 | 4 |
_aFinanzas públicas _zMéxico. _940975 |
| 650 | 1 | 4 |
_aMéxico _xHistoria _xConquista. _976756 |
| 700 | 0 |
_aHernández Palomo, José. _954444 |
|
| 700 | 0 |
_aHernández Palomo, Mari Luz. _954445 |
|
| 830 | 0 |
_aColección científica fuentes, historia económica de México _v; 41 _924751 |
|
| 901 | _aBK | ||
| 942 | _cLIBRO | ||
| 949 |
_a972 T46 _bBC _cLIBRO _d33724000677902 _eLIBRO _h63081 _i49617 _si |
||
| 999 |
_c44506 _d44506 |
||